000 00593cab a2200205 4500
001 ABS44852
008 090401t1991 xxu||||| |||| 00| 0 eng d
035 _a(Sirsi) u49463
041 _aeng
100 _aLoy, J.
245 _aTotal quality development in a land survey firm
260 _c1991
350 _a0
490 _aCivil Engineering Surveyor
_v16(6) July/August 1991, 20-21(2)
520 _aDescribes how the company Loy Surveys successfully implemented a quality management system .
650 _aBS 5750
690 _aLAND SURVEYING
942 _n0
948 _c04/03/1997
999 _c30956
_d30956